| 000 | 01026nam a22003257a 4500 | ||
|---|---|---|---|
| 003 | CHAP | ||
| 005 | 20220329143755.0 | ||
| 008 | 110805s2004 us a r 00010 eng d | ||
| 010 | _a101728 | ||
| 011 | _a102700 | ||
| 020 | _a0415339103 | ||
| 035 | _a113389 | ||
| 040 | _cCHAP | ||
| 082 | 0 | 4 |
_a306.34 _bG29 |
| 245 | 0 | 0 |
_aGeographies of commodity chains _c/editado por Alex Hughes y Suzanne Reimer |
| 260 |
_aNew York : _bRoutledge, _c2004 |
||
| 300 |
_ax, 276 p. : _bilus., tablas |
||
| 590 |
_aBATCH-UPD _b10 _c20130110 _lUCH01 _h1304 |
||
| 590 |
_aBATCH-UPD _b10 _c20130410 _lUCH01 _h0821 |
||
| 590 |
_aBATCH-UPD _b10 _c20130914 _lUCH01 _h1539 |
||
| 590 |
_aCONVERSION _b10 _c20130109 _lUCH01 _h1356 |
||
| 650 | 1 | 4 |
_aGeografía económica. _947575 |
| 650 | 1 | 4 |
_aImpacto ambiental. _957465 |
| 650 | 1 | 4 |
_aSistemas de producción. _9106767 |
| 700 | 1 |
_aHughes, Alex _956783 |
|
| 700 | 1 |
_aReimer, Suzanne _995765 |
|
| 901 | _aBK | ||
| 942 | _cLIBRO | ||
| 949 |
_a306.34 G29 _bBC _cLIBRO _d33724002247082 _eLIBRO _h115492 _i113389 _sb |
||
| 999 |
_c101728 _d101728 |
||